Score 0/20 Timer 03:00
0 Plays Today
Scrambled Word Answer % Correct
LYEJLJelly
98.2%
OCKLCClock
98.1%
OYGFGFoggy
97.9%
SRDESDress
96.5%
RUOTTTrout
95.5%
OHTNRNorth
94.5%
ILBKNBlink
91.3%
OARCGCargo
90.9%
AKALOKoala
89.3%
BLEGOGlobe
88.8%
Scrambled Word Answer % Correct
RFREYFerry
86.9%
ETLSESteel
86%
ROGEVGrove
83.9%
UDICPCupid
83.1%
RPMISPrism
81.7%
NLGASSlang
81.5%
LEAAGAlgae
78.1%
ASOSIOasis
71.9%
ICDOSDisco
64.6%
AESEVEaves
54.1%

You're not logged in!

Compare scores with friends on all Sporcle quizzes.
OR
Log In

Sporcle TV

Today on Sporcle TV


Watch our educational content, quiz creation guides, and fun videos on Sporcle TV.

Show Comments

Extras

Top Quizzes Today


Score Distribution

Your Account Isn't Verified!

In order to create a playlist on Sporcle, you need to verify the email address you used during registration. Go to your Sporcle Settings to finish the process.

Report this User

Report this user for behavior that violates our Community Guidelines.

Details: